Fortune europe edition

Saved in:
Bibliographic Details
Format: Serial
Language:English
Published: Amsterdam Time Warner Publ. 2000
Subjects:
Tags: Add Tag
No Tags, Be the first to tag this record!

MARC

LEADER 00000nas2a2200000 4500
001 s124688
005 20231103122536.3
022 |a 0738-5587 
041 0 |a eng 
044 |a NL 
245 1 0 |a Fortune  |b europe edition 
264 1 |a Amsterdam  |b Time Warner Publ.  |c 2000 
300 |a 1 zv. 
773 0 |w eu_un_cat*s120711 
610 2 0 |a politika hospodárska 
610 2 0 |a rozvoj hospodársky 
610 2 0 |a riadenie podnikové